Laddar...

KERALASAHITYACHARITRACHARCHA

Bibliografiska uppgifter
Materialtyp: Printed Book
Publicerad: T CHEMMANAM CHACKO 1978
Ämnen:
LEADER 00467nam a2200169 4500
020
082 |a 894.812 09 KER 
100
245 |a KERALASAHITYACHARITRACHARCHA  |h MALAYALAM 
250
260 |a T  |b CHEMMANAM CHACKO  |c 1978 
300 |a 167 p  |f PB 
650 |a KERALASAHITYACHARITRACHARCHA 
700
942 |c TB 
999 |c 156030  |d 156030 
952 |0 0  |1 0  |4 0  |6 894_812000000000000_09_KER  |7 0  |9 169487  |a ORI  |b ORI  |l 0  |o 894.812 09 KER  |p ORI4635  |r 2019-10-25  |w 2019-10-25  |y TB